Normal view
MARC view
Entry Personal Name
001 - CONTROL NUMBER
- control field: 1237097
003 - CONTROL NUMBER IDENTIFIER
- control field: OSt
005 - DATE AND TIME OF LATEST TRANSACTION
- control field: 20260430150314.0
008 - FIXED-LENGTH DATA ELEMENTS
- fixed length control field: 260430|| aca||aabn | a|a d
040 ## - CATALOGING SOURCE
- Original cataloging agency: OSt
- Transcribing agency: OSt
100 ## - HEADING--PERSONAL NAME
- Personal name: Wasim Akram Au.; Vij Madhu Gu.; Sinha Pankaj Gu
670 ## - SOURCE DATA FOUND
- Source citation: Work cat.: (OSt)1849465: Wasim Akram Au.; Vij Madhu Gu.; Sinha Pankaj Gu., Risk Management and Value Creation in Indian Banking Industry : An Empitical Investigation, 2022
